Planning for retail development (Record no. 107547)
[ view plain ]
| 000 -LEADER | |
|---|---|
| fixed length control field | 01559cad a22002535a 4500 |
| 001 - CONTROL NUMBER | |
| control field | L140836 |
| 008 - FIXED-LENGTH DATA ELEMENTS--GENERAL INFORMATION | |
| fixed length control field | 071015s2007 xxk f 001 0 eng d |
| 020 ## - INTERNATIONAL STANDARD BOOK NUMBER | |
| International Standard Book Number | 9780203001226 |
| 035 ## - SYSTEM CONTROL NUMBER | |
| System control number | (Sirsi) u140836 |
| 041 0# - LANGUAGE CODE | |
| Language code of text/sound track or separate title | eng |
| 050 04 - LIBRARY OF CONGRESS CALL NUMBER | |
| Classification number | 381.10941 $2 22 |
| -- | 711.552 $2 18 |
| 100 1# - MAIN ENTRY--PERSONAL NAME | |
| Personal name | Clifford, Guy |
| 245 00 - TITLE STATEMENT | |
| Title | Planning for retail development |
| Remainder of title | a critical view of the British experience |
| Medium | [electronic resource] |
| 260 ## - PUBLICATION, DISTRIBUTION, ETC. | |
| Place of publication, distribution, etc. | Abingdon |
| Name of publisher, distributor, etc. | Routledge |
| Date of publication, distribution, etc. | 2007 |
| 350 ## - PRICE (NR) (BK AM CF MU VM SE) [OBSOLETE] | |
| Price | 79 |
| 505 2# - FORMATTED CONTENTS NOTE | |
| Formatted contents note | Early days: retail planning in the 1960s and 1970s -- A free for all? Retail planning 1980-90 -- Tightening up: retail planning since 1990 -- Demand, need and impact -- Innovation, productivity, competition and retail planning -- Sustainability, shopping travel and retail policy -- Social exclusion, access to shopping and retail policy -- Urban regeneration and retail policy -- An evaluation of retail planning policy |
| 520 ## - SUMMARY, ETC. | |
| Summary, etc. | Provides a critical history of the development of retail planning policy in Great Britain. Evaluates retail policy in terms of consistency, effectiveness, and its impact upon retailer, consumer and town planning interests. Links developments in retail planning policy to government objectives and looks at the future path of the retail planning system. |
| 521 2# - TARGET AUDIENCE NOTE | |
| Target audience note | Advanced |
| 650 24 - SUBJECT ADDED ENTRY--TOPICAL TERM | |
| Topical term or geographic name entry element | EBOOK |
| 651 #4 - SUBJECT ADDED ENTRY--GEOGRAPHIC NAME | |
| Geographic name | Great Britain |
| Chronological subdivision | 1707- |
| 690 ## - LOCAL SUBJECT ADDED ENTRY--TOPICAL TERM (OCLC, RLIN) | |
| Topical term or geographic name as entry element | ENVIRONMENTAL AND LAND CONSULTANCY-PLANNING AND DEVELOPMENT |
| 856 48 - ELECTRONIC LOCATION AND ACCESS | |
| Uniform Resource Identifier | <a href="https://www.vlebooks.com/">https://www.vlebooks.com/</a> |
| Public note | View on VLEbooks. Logins for members only from [email protected] |
| 942 ## - ADDED ENTRY ELEMENTS (KOHA) | |
| Suppress in OPAC | 0 |
| Withdrawn status | Lost status | Damaged status | Not for loan | Home library | Current library | Shelving location | Date acquired | Total Checkouts | Full call number | Barcode | Date last seen | Date last checked out | Copy number | Price effective from | Koha item type | Source of classification or shelving scheme | Cost, normal purchase price | Cost, replacement price |
|---|---|---|---|---|---|---|---|---|---|---|---|---|---|---|---|---|---|---|
| Missing from bundle | London | London | Books | 30/01/2008 | 3 | 381.10941 CLI | 30074334 | 06/08/2019 | 11/03/2009 | 1 | 06/08/2019 | Book | ||||||
| Virtual | Virtual | Online | 23/11/2010 | EBOOK | 140836-6001 | 06/08/2019 | 1 | 06/08/2019 | Book | Dewey Decimal Classification | 125.03 | 125.03 |